شعراء معاصرون. (Record no. 14085)
[ view plain ]
| 000 -الفاتح | |
|---|---|
| حقل البيانات ثابتة الطول | 01609nam a2200301 i 4500 |
| 003 - محدد رقم الضبط | |
| رقم الضبط | EG-ScBUE |
| 005 - وقت وتاريخ اخر تعامل مع التسجيلة | |
| رقم الضبط | 20231130135501.0 |
| 008 - عناصر البيانات ثابتة الطول - معلومات عامة | |
| حقل البيانات ثابتة الطول | 100614s1984 ua f b 000 00cara d |
| 040 ## - مصدر الفهرسة | |
| وكالة الفهرسة الأصلية | EG-ScBUE |
| لغة الفهرسة | eng |
| قواعد الوصف | rda |
| وكالة النسخ | EG-ScBUE |
| وكالة التعديل | EG-ScBUE |
| 082 04 - رقم تصنيف ديوى العشرى | |
| رقم الطبعة | 22 |
| رقم التصنيف | 928.1 |
| رقم المادة | ش ع ر |
| 245 00 - بيان العنوان | |
| العنوان | شعراء معاصرون. |
| رقم الجزء/قسم العمل | الجزء الثاني، |
| اسم جزء/قسم العمل | جميل صدقي الزهاوي، أحمد زكي أبو شادي، خليل مطيران، عبد الحق حامد، ميخائيل نعمية / |
| بيان المسئوليه,etc | تحرير وتقديم دكتور أحمد إبراهيم الهواري، أستاذ النقد الأدبي المساعد، جامعة الزقازيق. |
| 264 #1 - النشر، التوزيع | |
| مكان الناشر او الموزع | القاهرة : |
| اسم الناشر او الموزع | دار المعارف، |
| تاريخ النشر أو التوزيع | [1984] |
| 300 ## - الوصف المادى | |
| التعداد | 568 صفحة ؛ |
| أبعاد الوعاء | 24 سم. |
| 336 ## - نوع المحتوى | |
| source | rdacontent |
| Carrier Type Term | نص |
| Content Type Code | txt |
| 337 ## - نوع الوسيط | |
| Media Type Term | بدون وسيط |
| source | rdamedia |
| Media Type Code | n |
| 338 ## - نوع الحامل أو الناقل | |
| Carrier Type Term | مجلد |
| Carrier Type Code | nc |
| source | rdacarrier |
| 490 0# - بيان السلسلة | |
| عنوان السلسلة | المؤلفات الكاملة للدكتور إسماعيل أحمد أدهم |
| 504 ## - تبصرة ببليوجرافية | |
| تبصرة ببليوجرافية,الخ | يشتمل على إرجاعات ببليوجرافية. |
| 600 17 - المدخل الاضافى بالموضوع-اسم شخصى | |
| 9 (RLIN) | 14768 |
| الإسم الشخصى | الزهاوي، جميل صدقي، |
| التواريخ المصاحبة للاسم | 1863-1936. |
| مصدر الرأس أو المصطلح | BUEsh |
| 600 17 - المدخل الاضافى بالموضوع-اسم شخصى | |
| 9 (RLIN) | 14776 |
| الإسم الشخصى | أبو شادي، أحمد زكي، |
| التواريخ المصاحبة للاسم | 1892-1955. |
| مصدر الرأس أو المصطلح | BUEsh |
| 600 17 - المدخل الاضافى بالموضوع-اسم شخصى | |
| 9 (RLIN) | 15353 |
| الإسم الشخصى | مطران، خليل مطران، |
| التواريخ المصاحبة للاسم | 1871-1949. |
| مصدر الرأس أو المصطلح | BUEsh |
| 600 17 - المدخل الاضافى بالموضوع-اسم شخصى | |
| 9 (RLIN) | 14771 |
| الإسم الشخصى | حامد، عبد الحق، |
| التواريخ المصاحبة للاسم | 1871-1949. |
| مصدر الرأس أو المصطلح | BUEsh |
| 600 17 - المدخل الاضافى بالموضوع-اسم شخصى | |
| 9 (RLIN) | 15357 |
| الإسم الشخصى | نعيمة، ميخائيل، |
| التواريخ المصاحبة للاسم | 1889- |
| مصدر الرأس أو المصطلح | BUEsh |
| 650 #7 - المدخل الاضافى بالموضوع-مصطلح موضوعى | |
| 9 (RLIN) | 14767 |
| مصطلح موضوعي أو اسم جغرافي كعنصر مدخل | الشعراء العرب |
| التقسيم الفرعي الشكلي | تراجم. |
| مصدر الرأس أو المصطلح | BUEsh |
| 655 ## - مصطلح تكشيفى-نوع/شكل | |
| التقسيم الفرعي الشكلي | Reading book |
| 700 1# - المدخل الاضافى - اسم شخصى | |
| 9 (RLIN) | 14769 |
| الإسم الشخصى | هواري، أحمد إبراهيم، |
| الدور | محرر، |
| -- | مقدم. |
| 942 ## - عناصر المدخل الإضافي( كوها) | |
| مصدر التصنيف او مخطط الترفيف | Dewey Decimal Classification |
| Koha [default] item type | Book - Borrowing |
| حالة التراجع | حالة الفقد | مصدر التصنيف او خطة الترفيف | حالة تلف | ليس للاعارة | مجموعات كوها | المكان الدائم | المكان الحالي | موقع الترفيف | تاريخ الاكتساب | Source of acquisition | رقم الاستدعاء | الباركود | Date last seen | نوع الوعاء |
|---|---|---|---|---|---|---|---|---|---|---|---|---|---|---|
| Dewey Decimal Classification | Baccah | Central Library | Central Library | Second Floor | 14/06/2010 | Purchase | 928.1 ش ع ر | 000020900 | 15/07/2025 | Book - Borrowing | ||||
| Dewey Decimal Classification | Alef-Baa | Central Library | Central Library | Second Floor | 28/06/2010 | Purchase | 928.1 ش ع ر | 000021222 | 15/07/2025 | Book - Borrowing |